000 00215 a2200097 4500
001 43772
100 _aKrantz
245 _aKey to reading and study skills
260 _a
_bHolt rein hart
_c
090 _c27529
_d27529
942 _aNUST-CAE
_cM
_c19479
999 _c278845
_d278845